Radar handbook. (Record no. 60993)

000 -LEADER
fixed length control field 00653nam a22001937a 4500
003 - CONTROL NUMBER IDENTIFIER
control field NUST-PNEC
005 - DATE AND TIME OF LATEST TRANSACTION
control field 20170116180712.0
008 - FIXED-LENGTH DATA ELEMENTS--GENERAL INFORMATION
fixed length control field 141013b xxu||||| |||| 00| 0 eng d
022 ## - INTERNATIONAL STANDARD SERIAL NUMBER
International Standard Serial Number B000OKCDMY
040 ## - CATALOGING SOURCE
Transcribing agency PNEC
082 ## - DEWEY DECIMAL CLASSIFICATION NUMBER
Classification number 621.3848 SKO
100 ## - MAIN ENTRY--PERSONAL NAME
9 (RLIN) 12
Personal name Skolnik Merrill I.
245 ## - TITLE STATEMENT
Title Radar handbook.
Statement of responsibility, etc. Mirrill I. Skolnik.
260 ## - PUBLICATION, DISTRIBUTION, ETC.
Place of publication, distribution, etc. New York :
Name of publisher, distributor, etc. McGraw-Hill,
Date of publication, distribution, etc. 1970.
300 ## - PHYSICAL DESCRIPTION
Extent x,(various pagings) :
Other physical details il. ;
Dimensions 24 cm.
500 ## - GENERAL NOTE
General note Includes Index http://www.amazon.com/Radar-Handbook-Merrill-Skolnik/dp/B000OKCDMY/ref=sr_1_3?s=books&ie=UTF8&qid=1413199060&sr=1-3&keywords=radar+handbook+skolnik
650 ## - SUBJECT ADDED ENTRY--TOPICAL TERM
General subdivision EL
942 ## - ADDED ENTRY ELEMENTS (KOHA)
Source of classification or shelving scheme
Koha item type Book
Holdings
Withdrawn status Lost status Source of classification or shelving scheme Damaged status Not for loan Permanent Location Current Location Shelving location Date acquired Total Checkouts Full call number Barcode Date last seen Price effective from Koha item type
          Pakistan Navy Engineering College (PNEC) Pakistan Navy Engineering College (PNEC) Reference     621.3848 SKO PNECLIB-005109 10/13/2014   Book
          Pakistan Navy Engineering College (PNEC) Pakistan Navy Engineering College (PNEC) Reference 10/13/2014   621.3848 SKO PNECLIB-004961 10/13/2014   Book
          Pakistan Navy Engineering College (PNEC) Pakistan Navy Engineering College (PNEC) Reference 10/13/1998   621.3848 SKO PNECLIB-008518 10/16/2014   Book
© 2023 Central Library, National University of Sciences and Technology. All Rights Reserved.